| 000 | 00846nam a2200241 i 4500 | ||
|---|---|---|---|
| 003 | DO-SdBNP | ||
| 005 | 20250114101929.0 | ||
| 007 | ta | ||
| 008 | 250114b2007 dr a|||| |||| 00| 0 spa d | ||
| 040 |
_aDO-SdBNP _bspa _cBNPHU _erda |
||
| 082 | 4 |
_222 _axxxx _bP592e |
|
| 100 | 1 |
_aPichardo, José Adolfo, _d1964- _4aut. _926369 _eautor |
|
| 245 | 1 | 0 |
_aEstancias del sol : _bselección de cuentos de las antillas hispánicas / _cJosé Adolfo Pichardo, Puro Tejada M. |
| 264 |
_aSanto Domingo : _bEdiciones Sociedarte, _c2007. |
||
| 300 |
_a219 páginas : _bilustraciones ; _c21 cm. |
||
| 336 |
_atexto _btxt _2rdacontent |
||
| 337 |
_asin mediación _bn _2rdamedia |
||
| 338 |
_avolumen _bnc _2rdacarrier |
||
| 500 | _aIncluye datos biográficos de los autores en las solapas | ||
| 590 | _aInventariado, 2025/BT | ||
| 910 | _aBtavárez | ||
| 942 |
_2ddc _cLBS1 |
||
| 999 |
_c58046 _d58046 |
||